[Event "77. Alemania ch 2006"]
[Site "Osterburg GER"]
[Date "2006.02.10"]
[Round "8.14"]
[White "Meier, Georg"]
[Black "Schunk, Eduard"]
[Result "0-1"]
[WhiteElo "2424"]
[BlackElo "2349"]
[PlyCount "174"]
[EventDate "2006.02.04"]
[EventType "swiss"]
[EventRounds "9"]
[EventCountry "GER"]
[Source "lmi"]
[SourceDate "2006.02.11"]

1. e4 e5 2. Nf3 Nc6 3. Bb5 Nge7 4. c3 a6 5. Ba4 g6 6. d4 exd4 7. cxd4 b5 8. Bc2
Bg7 9. Nc3 O-O 10. d5 Na5 11. O-O d6 12. h3 b4 13. Na4 Rb8 14. Be3 Bd7 15. Bd4
f6 16. b3 Bb5 17. Bd3 c5 18. dxc6 Naxc6 19. Bb2 Ne5 20. Bxe5 fxe5 21. Bxb5 axb5
22. Nb2 d5 23. Nd2 Rb6 24. Qe2 Qb8 25. Nd3 Qd6 26. Rac1 Ra6 27. Nf3 dxe4 28.
Qxe4 Nd5 29. Nc5 Rf4 30. Qc2 Ra8 31. Rfd1 Qc6 32. Nd3 Qxc2 33. Rxc2 Rf5 34. Re1
Re8 35. Rc5 e4 36. Nd2 Nf6 37. Rxf5 gxf5 38. Nxb4 Ra8 39. Rc1 Bf8 40. Nc6 Rxa2
41. Nf1 f4 42. Nd4 b4 43. g3 Nd5 44. Rc2 Rxc2 45. Nxc2 f3 46. Nfe3 Nc3 47. Kf1
Bc5 48. Ke1 Kf7 49. Nf5 Kf6 50. Nfe3 Kg5 51. Kd2 Nb1+ 52. Kd1 Nc3+ 53. Ke1 h5
54. h4+ Kg6 55. Nc4 Kf5 56. N4e3+ Ke6 57. Nc4 Ne2 58. Nd2 Kf5 59. Kf1 Nc1 60.
Ne3+ Bxe3 61. fxe3 Nd3 62. Kg1 Nc5 63. Kh1 Nd3 64. Kg1 Nb2 65. Kh1 Nd1 66. Nf1
Nc3 67. Nd2 Nd5 68. Nf1 Nf6 69. Nd2 Ng4 70. Nc4 Nf2+ 71. Kg1 Nd1 72. Nd6+ Kg4
73. Nxe4 Nxe3 74. Kf2 Nd1+ 75. Kf1 Nc3 76. Nf6+ Kxg3 77. Nxh5+ Kxh4 78. Nf4 Kg3
79. Nd3 Nd5 80. Kg1 Ne3 81. Nf2 Ng4 82. Ne4+ Kf4 83. Nd6 Ke3 84. Nf5+ Kd3 85.
Kf1 Kc3 86. Ke1 Kd3 87. Kf1 Ne3+ 0-1

[Event "77. Alemania ch 2006"]
[Site "Osterburg GER"]
[Date "2006.02.10"]
[Round "8.15"]
[White "Brener, Ilja"]
[Black "Bastian, Herbert"]
[Result "0-1"]
[WhiteElo "2323"]
[BlackElo "2413"]
[PlyCount "78"]
[EventDate "2006.02.04"]
[EventType "swiss"]
[EventRounds "9"]
[EventCountry "GER"]
[Source "lmi"]
[SourceDate "2006.02.11"]

1. d4 Nf6 2. Nf3 b5 3. c3 Bb7 4. a4 bxa4 5. Qxa4 e6 6. Nbd2 Be7 7. e3 O-O 8.
Be2 d6 9. O-O Nbd7 10. Qd1 c5 11. Re1 e5 12. dxe5 dxe5 13. Nc4 e4 14. Nfd2 Qc7
15. Qc2 Rfe8 16. b3 Bf8 17. Bb2 Ne5 18. Nxe5 Qxe5 19. c4 Qg5 20. Nf1 Ng4 21.
Bxg4 Qxg4 22. Qe2 Qg5 23. Red1 Re6 24. Rd7 Rb6 25. Qd1 h5 26. Ng3 h4 27. Nh5 h3
28. Nf4 hxg2 29. Bc3 Qh4 30. Qh5 Qxh5 31. Nxh5 Rxb3 32. Ba5 Re8 33. Kxg2 a6 34.
Nf4 Bc8 35. Rd2 Bg4 36. Bc7 Bf3+ 37. Kg3 Rb7 38. Ba5 g5 39. Nh3 Bg7 0-1

[Event "77. Alemania ch 2006"]
[Site "Osterburg GER"]
[Date "2006.02.10"]
[Round "8.16"]
[White "Markgraf, Alexander"]
[Black "Schuster, Martin"]
[Result "1-0"]
[WhiteElo "2412"]
[BlackElo "2222"]
[PlyCount "65"]
[EventDate "2006.02.04"]
[EventType "swiss"]
[EventRounds "9"]
[EventCountry "GER"]
[Source "lmi"]
[SourceDate "2006.02.11"]

1. e4 c6 2. d4 d5 3. e5 Bf5 4. Nf3 e6 5. Be2 Nd7 6. O-O Bg6 7. Nbd2 Nh6 8. c4
Nf5 9. cxd5 cxd5 10. Nb3 Be7 11. Bd2 O-O 12. Ba5 b6 13. Bc3 Rc8 14. Nc1 Rc7 15.
Nd3 Nb8 16. Nf4 Nc6 17. Qd2 Qb8 18. Bd3 b5 19. Nxg6 hxg6 20. Qf4 Qb6 21. a3 a5
22. h4 b4 23. axb4 Nxb4 24. Bb1 Nxh4 25. Nxh4 g5 26. Qg4 gxh4 27. Bd2 f5 28.
exf6 Bxf6 29. Bg6 Qxd4 30. Qxe6+ Kh8 31. Rad1 Qe5 32. Qg4 Rfc8 33. Rfe1 1-0

[Event "77. Alemania ch 2006"]
[Site "Osterburg GER"]
[Date "2006.02.10"]
[Round "8.17"]
[White "Heinig, Wolfram"]
[Black "Espig, Lutz"]
[Result "0-1"]
[WhiteElo "2338"]
[BlackElo "2402"]
[PlyCount "160"]
[EventDate "2006.02.04"]
[EventType "swiss"]
[EventRounds "9"]
[EventCountry "GER"]
[Source "lmi"]
[SourceDate "2006.02.11"]

1. d4 Nf6 2. c4 d6 3. Nc3 Nbd7 4. e4 e5 5. Nf3 Be7 6. Be2 O-O 7. O-O c6 8. Re1
a6 9. h3 Qc7 10. Bf1 b5 11. a3 Bb7 12. Bg5 Rfe8 13. Rc1 Qb8 14. b4 exd4 15.
Nxd4 Bf8 16. Nf5 h6 17. Bf4 Ne5 18. cxb5 axb5 19. Ra1 Bc8 20. Nd4 Bd7 21. Kh1
Ra7 22. Nf3 Qa8 23. Bc1 Be6 24. Nxe5 dxe5 25. Qf3 Bxb4 26. Rb1 Bf8 27. Ne2 Nh7
28. Ng3 Bxa3 29. Be3 Ra4 30. Qh5 Bf8 31. Rec1 g6 32. Qh4 h5 33. Nxh5 gxh5 34.
Qxh5 Bg7 35. Bh6 Ra3 36. Bxg7 Kxg7 37. Qxe5+ Kg8 38. Qd6 Ba2 39. Ra1 Re6 40.
Qc5 Qf8 41. Qb6 Bc4 42. Rxa3 Qxa3 43. Qd8+ Nf8 44. Qg5+ Rg6 45. Qd2 Bxf1 46.
Rxf1 Qa4 47. Rc1 c5 48. f4 Qd4 49. Qe2 Ra6 50. Qxb5 Ra1 51. Rxa1 Qxa1+ 52. Kh2
Qd4 53. Qe2 Ng6 54. Qg4 Qxe4 55. Qc8+ Kg7 56. Qxc5 Qxf4+ 57. Kg1 Qe5 58. Qf2
Nf4 59. Qg3+ Kf8 60. Qa3+ Kg7 61. Qg3+ Kf6 62. Qh4+ Ke6 63. Qg4+ Qf5 64. Qf3
Qe5 65. Qc6+ Kf5 66. Qc8+ Qe6 67. Qc5+ Qd5 68. Qc8+ Ke5 69. Qc7+ Ke4 70. Qc2+
Ke3 71. Qf2+ Ke4 72. Qc2+ Nd3 73. Qe2+ Kd4 74. Qg4+ Kc3 75. Qe2 f5 76. Kh1 Qe4
77. Qh5 Qxg2+ 78. Kxg2 Nf4+ 79. Kg3 Nxh5+ 80. Kh4 f4 0-1

[Event "77. Alemania ch 2006"]
[Site "Osterburg GER"]
[Date "2006.02.10"]
[Round "8.18"]
[White "Reipsch, Jens"]
[Black "Stolz, Mike"]
[Result "1-0"]
[WhiteElo "2293"]
[BlackElo "2385"]
[PlyCount "71"]
[EventDate "2006.02.04"]
[EventType "swiss"]
[EventRounds "9"]
[EventCountry "GER"]
[Source "lmi"]
[SourceDate "2006.02.11"]

1. e4 c5 2. Nf3 e6 3. c3 d5 4. exd5 exd5 5. d4 c4 6. b3 cxb3 7. axb3 Bd6 8.
Bb5+ Nc6 9. O-O Nge7 10. Ba3 Bxa3 11. Nxa3 Bg4 12. h3 Bh5 13. Be2 f6 14. Ne1
Bxe2 15. Qxe2 Kf7 16. Nd3 b6 17. Rfe1 Qd7 18. Qf3 Qf5 19. Nf4 a6 20. g4 Qd7 21.
Nc2 h6 22. Re6 a5 23. Rae1 b5 24. Ne3 Rhd8 25. Nf5 Nxf5 26. gxf5 a4 27. bxa4
bxa4 28. Qg4 Kg8 29. Rxc6 a3 30. Rce6 Ra7 31. Qg6 Rf8 32. Re8 a2 33. Rxf8+ Kxf8
34. Ne6+ Kg8 35. Ra1 Qb5 36. Rxa2 1-0

[Event "77. Alemania ch 2006"]
[Site "Osterburg GER"]
[Date "2006.02.10"]
[Round "8.19"]
[White "Michalczak, Thomas"]
[Black "Schoene, Ralf"]
[Result "1/2-1/2"]
[WhiteElo "2361"]
[BlackElo "2339"]
[PlyCount "88"]
[EventDate "2006.02.04"]
[EventType "swiss"]
[EventRounds "9"]
[EventCountry "GER"]
[Source "lmi"]
[SourceDate "2006.02.11"]

1. e4 e5 2. Nf3 Nc6 3. Bb5 Nf6 4. O-O Nxe4 5. d4 Nd6 6. Bxc6 dxc6 7. dxe5 Nf5
8. Qxd8+ Kxd8 9. Nc3 h6 10. h3 Ne7 11. Be3 Ng6 12. Rad1+ Ke8 13. a3 Be7 14.
Rfe1 Nh4 15. Nd4 Nf5 16. Ne4 Nxd4 17. Bxd4 Be6 18. f4 h5 19. Kh1 b6 20. Nd6+
cxd6 21. exd6 Bh4 22. Re4 Kd7 23. f5 Bxf5 24. Rxh4 f6 25. Bf2 Bxc2 26. Re1 Rae8
27. Re7+ Rxe7 28. dxe7 c5 29. b4 g5 30. Rc4 Bd3 31. Rc1 c4 32. Re1 Re8 33. Bd4
Rxe7 34. Rxe7+ Kxe7 35. g3 Ke6 36. Kg2 f5 37. Be3 f4 38. gxf4 g4 39. hxg4 hxg4
40. Bd2 Kf5 41. Kg3 Bc2 42. Be3 Ba4 43. Bd4 Bd7 44. Be5 Ke4 1/2-1/2

[Event "77. Alemania ch 2006"]
[Site "Osterburg GER"]
[Date "2006.02.10"]
[Round "8.20"]
[White "Schuetze, Norman"]
[Black "Knuth, Hannes"]
[Result "0-1"]
[WhiteElo "2161"]
[BlackElo "2283"]
[PlyCount "62"]
[EventDate "2006.02.04"]
[EventType "swiss"]
[EventRounds "9"]
[EventCountry "GER"]
[Source "lmi"]
[SourceDate "2006.02.11"]

1. e4 c5 2. Nf3 Nc6 3. d4 cxd4 4. Nxd4 e5 5. Nb5 d6 6. c4 Be7 7. N1c3 a6 8. Na3
Nf6 9. Be2 O-O 10. O-O Nd4 11. Nc2 Nxc2 12. Qxc2 Be6 13. b3 Rc8 14. Qd3 Qc7 15.
Nd5 Nxd5 16. exd5 Bd7 17. f4 Bf6 18. fxe5 Bxe5 19. Bf4 Qc5+ 20. Be3 Qa3 21.
Rae1 Qxa2 22. Bh5 Qb2 23. Kh1 Qc3 24. Qd1 Rce8 25. Rf3 g6 26. Bg5 Qa5 27. Bd2
Qd8 28. Rfe3 gxh5 29. Qxh5 Bf4 30. Re6 fxe6 31. Re4 Bxd2 0-1

[Event "77. Alemania ch 2006"]
[Site "Osterburg GER"]
[Date "2006.02.10"]
[Round "8.21"]
[White "Namyslo, Holger"]
[Black "Bischoff, Dieter"]
[Result "1-0"]
[WhiteElo "2279"]
[BlackElo "2147"]
[PlyCount "81"]
[EventDate "2006.02.04"]
[EventType "swiss"]
[EventRounds "9"]
[EventCountry "GER"]
[Source "lmi"]
[SourceDate "2006.02.11"]

1. e4 c5 2. Nf3 d6 3. d4 cxd4 4. Nxd4 Nf6 5. Nc3 Nc6 6. Bc4 Qb6 7. Ndb5 a6 8.
Be3 Qa5 9. Nd4 Ne5 10. Nb3 Qc7 11. Be2 e6 12. O-O Be7 13. Nd2 O-O 14. f4 Nc6
15. a4 b6 16. Bd3 Rb8 17. Qf3 Nb4 18. Kh1 Nxd3 19. cxd3 Qd7 20. Qg3 Re8 21. e5
Nh5 22. Qh3 g6 23. Nde4 d5 24. Nd6 Bxd6 25. exd6 Qxd6 26. Bd4 Qd8 27. Qe3 Rb7
28. g4 Ng7 29. Qe5 f5 30. g5 Qc7 31. Qe3 Bd7 32. Rae1 Bc6 33. Kg1 Qd7 34. b3 b5
35. a5 b4 36. Nb1 Rb5 37. Qe5 Rxa5 38. Rc1 Rc8 39. Rc2 Rb5 40. Rfc1 Rb7 41.
Qxg7+ 1-0

[Event "77. Alemania ch 2006"]
[Site "Osterburg GER"]
[Date "2006.02.10"]
[Round "8.22"]
[White "Holzschuh, Stephan"]
[Black "Zuse, Klaus-Peter"]
[Result "1/2-1/2"]
[WhiteElo "2257"]
[BlackElo "2333"]
[PlyCount "83"]
[EventDate "2006.02.04"]
[EventType "swiss"]
[EventRounds "9"]
[EventCountry "GER"]
[Source "lmi"]
[SourceDate "2006.02.11"]

1. e4 c5 2. Nc3 d6 3. f4 e6 4. Bc4 Nf6 5. d3 Be7 6. Qf3 Nc6 7. Nge2 O-O 8. O-O
Na5 9. Be3 a6 10. a4 Nxc4 11. dxc4 Bd7 12. Ng3 Qa5 13. Qe2 Bc6 14. e5 Nd7 15.
Nh5 g6 16. Ng3 Qc7 17. exd6 Bxd6 18. Nge4 Be7 19. Qf2 Bxe4 20. Nxe4 Rfd8 21. b3
Qc6 22. Ng5 Nf6 23. Rae1 Ng4 24. Qh4 h5 25. Bc1 Bf6 26. Qg3 Re8 27. Nf3 Qc7 28.
Ne5 Nh6 29. Qf2 Nf5 30. Ba3 Rac8 31. Bb2 a5 32. Bc3 Rcd8 33. Rd1 b6 34. Qf3 Bg7
35. Rxd8 Rxd8 36. Rd1 Rxd1+ 37. Qxd1 Qd6 38. Qd3 Nd4 39. Bxd4 cxd4 40. Qe4 Bf6
41. h3 Kg7 42. Nf3 1/2-1/2

[Event "77. Alemania ch 2006"]
[Site "Osterburg GER"]
[Date "2006.02.10"]
[Round "8.23"]
[White "Gikas, Andreas Basilius"]
[Black "Rathje, Christian"]
[Result "1/2-1/2"]
[WhiteElo "2231"]
[BlackElo "2130"]
[PlyCount "50"]
[EventDate "2006.02.04"]
[EventType "swiss"]
[EventRounds "9"]
[EventCountry "GER"]
[Source "lmi"]
[SourceDate "2006.02.11"]

1. e4 c5 2. Nf3 e6 3. d4 cxd4 4. Nxd4 a6 5. Be2 Qc7 6. O-O Nf6 7. Nc3 Bc5 8.
Bg5 b5 9. Bf3 Ra7 10. Re1 Qb6 11. Be3 Nc6 12. Nxc6 dxc6 13. Bxc5 Qxc5 14. e5
Nd7 15. Ne4 Qb6 16. Nd6+ Ke7 17. Nf5+ exf5 18. Qd6+ Kd8 19. e6 fxe6 20. Rxe6
Re8 21. Rxe8+ Kxe8 22. Bxc6 Kd8 23. Rd1 a5 24. a3 Ra6 25. Qf8+ Kc7 1/2-1/2

[Event "77. Alemania ch 2006"]
[Site "Osterburg GER"]
[Date "2006.02.11"]
[Round "9.2"]
[White "Kunin, Vitaly"]
[Black "Henrichs, Thomas"]
[Result "1-0"]
[WhiteElo "2462"]
[BlackElo "2434"]
[PlyCount "151"]
[EventDate "2006.02.04"]
[EventType "swiss"]
[EventRounds "9"]
[EventCountry "GER"]
[Source "lmi"]
[SourceDate "2006.02.11"]

1. d4 Nf6 2. c4 e6 3. Nf3 b6 4. g3 Ba6 5. Qb3 Nc6 6. Bd2 Bb7 7. d5 Ne7 8. dxe6
fxe6 9. Bg2 Nf5 10. O-O Bc5 11. Bb4 Qe7 12. Bxc5 Qxc5 13. Nbd2 O-O 14. Qd3 Nd6
15. Rac1 Nfe4 16. Nxe4 Bxe4 17. Qc3 a5 18. b3 Rf6 19. Qe5 Bxf3 20. Qxc5 bxc5
21. Bxf3 Ra6 22. Rfd1 Kf8 23. Rd3 Ke8 24. Rcd1 Rf7 25. Re3 a4 26. g4 axb3 27.
axb3 Ra3 28. Rdd3 Ke7 29. Re5 c6 30. Rxc5 Rf8 31. Rh5 Nxc4 32. Bxc6 dxc6 33.
bxc4 Rxd3 34. exd3 Rf3 35. Rxh7 Kf6 36. Rh5 Rxd3 37. Rc5 Rd4 38. h3 Rd6 39. Kg2
g5 40. Kg3 e5 41. f3 Ke6 42. h4 gxh4+ 43. Kxh4 Kf6 44. Kg3 Ke6 45. Kf2 Kf6 46.
Ke3 Ke6 47. g5 Rd7 48. Rxc6+ Kf5 49. g6 Ra7 50. c5 Ra3+ 51. Kf2 Ra2+ 52. Kg3
Ra1 53. Rd6 Rc1 54. c6 e4 55. fxe4+ Ke5 56. Rd7 Rxc6 57. Re7+ Kf6 58. g7 Rc8
59. Ra7 Ke5 60. Kg4 Kf6 61. Kf4 Rg8 62. Rb7 Ra8 63. Rc7 Rb8 64. e5+ Kg6 65. Ke4
Kh7 66. Kd5 Kg8 67. e6 Rb1 68. Rc8+ Kxg7 69. e7 Rd1+ 70. Kc6 Rc1+ 71. Kb7 Rb1+
72. Ka6 Ra1+ 73. Kb5 Rb1+ 74. Ka4 Ra1+ 75. Kb3 Rb1+ 76. Ka2 1-0

[Event "77. Alemania ch 2006"]
[Site "Osterburg GER"]
[Date "2006.02.11"]
[Round "9.3"]
[White "Baramidze, David"]
[Black "Khenkin, Igor"]
[Result "1/2-1/2"]
[WhiteElo "2554"]
[BlackElo "2595"]
[PlyCount "26"]
[EventDate "2006.02.04"]
[EventType "swiss"]
[EventRounds "9"]
[EventCountry "GER"]
[Source "lmi"]
[SourceDate "2006.02.11"]

1. e4 e5 2. Nf3 Nc6 3. Bb5 Nf6 4. O-O Nxe4 5. d4 Nd6 6. Bxc6 dxc6 7. dxe5 Nf5
8. Qxd8+ Kxd8 9. Nc3 Ne7 10. h3 Ng6 11. Re1 h6 12. b3 c5 13. Be3 Be6 1/2-1/2

[Event "77. Alemania ch 2006"]
[Site "Osterburg GER"]
[Date "2006.02.11"]
[Round "9.6"]
[White "Muranyi, Karl-Jasmin"]
[Black "Naumann, Alexander"]
[Result "1/2-1/2"]
[WhiteElo "2359"]
[BlackElo "2532"]
[PlyCount "71"]
[EventDate "2006.02.04"]
[EventType "swiss"]
[EventRounds "9"]
[EventCountry "GER"]
[Source "lmi"]
[SourceDate "2006.02.11"]

1. d4 Nf6 2. c4 e6 3. Nc3 Bb4 4. Bg5 h6 5. Bxf6 Qxf6 6. Qd2 c5 7. e3 Nc6 8. Nf3
O-O 9. a3 Bxc3 10. Qxc3 d6 11. Be2 e5 12. d5 Ne7 13. O-O g5 14. b4 b6 15. a4
Ng6 16. a5 Bg4 17. axb6 axb6 18. h3 cxb4 19. Qb2 Bxf3 20. Bxf3 Ra5 21. Rab1 Rc5
22. Qxb4 Rb8 23. Qa4 Qe7 24. Be4 Nh4 25. Qc2 Kg7 26. Rb4 Qd7 27. g3 f5 28. gxh4
fxe4 29. Qxe4 Qxh3 30. hxg5 hxg5 31. Qg2 Qf5 32. f4 exf4 33. Rxf4 Qe5 34. Re4
Qa1+ 35. Qf1 Qxf1+ 36. Kxf1 1/2-1/2

[Event "77. Alemania ch 2006"]
[Site "Osterburg GER"]
[Date "2006.02.11"]
[Round "9.7"]
[White "Meister, Jakov"]
[Black "Koepke, Christian"]
[Result "1-0"]
[WhiteElo "2493"]
[BlackElo "2274"]
[PlyCount "77"]
[EventDate "2006.02.04"]
[EventType "swiss"]
[EventRounds "9"]
[EventCountry "GER"]
[Source "lmi"]
[SourceDate "2006.02.11"]

1. e4 c5 2. Nf3 d6 3. d4 cxd4 4. Nxd4 Nf6 5. Nc3 g6 6. Be2 Bg7 7. O-O O-O 8.
Re1 Nc6 9. Nb3 b6 10. Bf1 Bb7 11. Bg5 h6 12. Be3 Rc8 13. f3 Nd7 14. Qd2 Kh7 15.
Rad1 Qc7 16. Nd5 Qb8 17. c3 Rfe8 18. Qf2 e6 19. Nf4 Rcd8 20. Nh3 g5 21. Qc2
Nce5 22. Nf2 Ng6 23. Nd4 Kg8 24. Rd2 Be5 25. Ng4 Bg7 26. Qa4 Nc5 27. Qd1 d5 28.
exd5 Bxd5 29. Bb5 Rf8 30. Bf2 a6 31. Bf1 Qa8 32. b4 Nd7 33. c4 Bc6 34. Nxc6
Qxc6 35. c5 bxc5 36. Bxc5 Rfe8 37. Rd6 Qc7 38. Bf2 Bf8 39. Rxd7 1-0

[Event "77. Alemania ch 2006"]
[Site "Osterburg GER"]
[Date "2006.02.11"]
[Round "9.8"]
[White "Meins, Gerlef"]
[Black "Gustafsson, Jan"]
[Result "1/2-1/2"]
[WhiteElo "2446"]
[BlackElo "2614"]
[PlyCount "74"]
[EventDate "2006.02.04"]
[EventType "swiss"]
[EventRounds "9"]
[EventCountry "GER"]
[Source "lmi"]
[SourceDate "2006.02.11"]

1. d4 Nf6 2. Nf3 e6 3. g3 c5 4. Bg2 cxd4 5. O-O d5 6. Nxd4 e5 7. Nb3 Be6 8. Bg5
Nbd7 9. e4 dxe4 10. Nc3 Be7 11. Nxe4 Nxe4 12. Bxe7 Qxe7 13. Bxe4 Nf6 14. Bg2
O-O 15. Re1 Qc7 16. Qe2 Nd7 17. Rad1 Rac8 18. Bd5 Bxd5 19. Rxd5 f6 20. c4 Nb8
21. c5 Rcd8 22. Red1 Rxd5 23. Rxd5 Rd8 24. Qd3 Rxd5 25. Qxd5+ Kf8 26. Na5 Qxa5
27. Qd6+ Kf7 28. Qxb8 Qe1+ 29. Kg2 Qe4+ 30. Kg1 a6 31. a3 Qb1+ 32. Kg2 Qe4+ 33.
Kg1 Kg6 34. b4 Qe1+ 35. Kg2 Qe4+ 36. Kg1 Qe1+ 37. Kg2 Qe4+ 1/2-1/2

[Event "77. Alemania ch 2006"]
[Site "Osterburg GER"]
[Date "2006.02.11"]
[Round "9.9"]
[White "Sprenger, Jan Michael"]
[Black "Kaeser, Udo"]
[Result "1-0"]
[WhiteElo "2505"]
[BlackElo "2343"]
[PlyCount "69"]
[EventDate "2006.02.04"]
[EventType "swiss"]
[EventRounds "9"]
[EventCountry "GER"]
[Source "lmi"]
[SourceDate "2006.02.11"]

1. e4 e5 2. Nf3 Nc6 3. Bb5 a6 4. Ba4 Nf6 5. O-O Be7 6. Re1 b5 7. Bb3 d6 8. c3
O-O 9. d4 Bg4 10. Be3 exd4 11. cxd4 Na5 12. Bc2 c5 13. h3 Bxf3 14. Qxf3 Nc4 15.
dxc5 dxc5 16. Nc3 Nd7 17. Bf4 Nxb2 18. Nd5 Rc8 19. e5 c4 20. e6 Nf6 21. Nxe7+
Qxe7 22. Bf5 Rfe8 23. exf7+ Qxf7 24. Bxc8 Rxc8 25. Qa3 Nd3 26. Re7 Qd5 27. Qxa6
Ra8 28. Ra7 Nxf4 29. Rxa8+ Kf7 30. Ra7+ Kg6 31. Qb7 Kf5 32. g4+ Ke5 33. Qe7+
Ne6 34. Re1+ Ne4 35. Ra6 1-0

[Event "77. Alemania ch 2006"]
[Site "Osterburg GER"]
[Date "2006.02.11"]
[Round "9.10"]
[White "Heinemann, Thies"]
[Black "Rother, Christoph"]
[Result "1/2-1/2"]
[WhiteElo "2443"]
[BlackElo "2293"]
[PlyCount "49"]
[EventDate "2006.02.04"]
[EventType "swiss"]
[EventRounds "9"]
[EventCountry "GER"]
[Source "lmi"]
[SourceDate "2006.02.11"]

1. e4 e6 2. d4 d5 3. Nd2 c5 4. exd5 Qxd5 5. Ngf3 cxd4 6. Bc4 Qd6 7. O-O Nf6 8.
Nb3 Nc6 9. Nbxd4 Nxd4 10. Qxd4 Qxd4 11. Nxd4 a6 12. Be2 Bd6 13. Rd1 Ke7 14. c4
e5 15. Nc2 Be6 16. b3 Rhd8 17. Bb2 Bg4 18. Bxg4 Nxg4 19. h3 Nh6 20. Ne3 Ke6 21.
Rd5 f6 22. Kf1 Ng8 23. Rad1 Ne7 24. R5d2 Bc7 25. Ke2 1/2-1/2

[Event "77. Alemania ch 2006"]
[Site "Osterburg GER"]
[Date "2006.02.11"]
[Round "9.11"]
[White "Bastian, Herbert"]
[Black "Hoepfl, Thomas"]
[Result "1/2-1/2"]
[WhiteElo "2413"]
[BlackElo "2313"]
[PlyCount "67"]
[EventDate "2006.02.04"]
[EventType "swiss"]
[EventRounds "9"]
[EventCountry "GER"]
[Source "lmi"]
[SourceDate "2006.02.11"]

1. e4 d6 2. d4 Nf6 3. Bd3 e5 4. c3 d5 5. dxe5 Nxe4 6. Nf3 Nc6 7. Nbd2 Nc5 8.
Bc2 Bg4 9. O-O Be7 10. Re1 Qd7 11. b4 Ne6 12. Nb3 Bh5 13. Bd3 O-O 14. b5 Ncd8
15. Bxh7+ Kxh7 16. Ng5+ Bxg5 17. Qxh5+ Bh6 18. Bxh6 gxh6 19. Qf5+ Kh8 20. Qf6+
Kh7 21. Qf5+ Kh8 22. f4 Qe7 23. Rad1 c6 24. Rd3 Ng7 25. Qh3 Qe6 26. g4 f5 27.
Nd4 Qg6 28. Rg3 Qh7 29. e6 Rg8 30. Qh4 c5 31. Nxf5 Nxf5 32. gxf5 Rxg3+ 33. hxg3
Qxf5 34. Qxh6+ 1/2-1/2

[Event "77. Alemania ch 2006"]
[Site "Osterburg GER"]
[Date "2006.02.11"]
[Round "9.12"]
[White "Schunk, Eduard"]
[Black "Markgraf, Alexander"]
[Result "0-1"]
[WhiteElo "2349"]
[BlackElo "2412"]
[PlyCount "94"]
[EventDate "2006.02.04"]
[EventType "swiss"]
[EventRounds "9"]
[EventCountry "GER"]
[Source "lmi"]
[SourceDate "2006.02.11"]

1. e4 c5 2. Nf3 e6 3. d3 Nc6 4. g3 Nge7 5. Bg2 g6 6. O-O Bg7 7. c3 O-O 8. Qe2
d6 9. Nbd2 b5 10. a3 Rb8 11. Re1 a5 12. a4 b4 13. c4 Bd7 14. Nf1 h6 15. Be3 Kh7
16. Rad1 e5 17. b3 f5 18. exf5 Nxf5 19. N1d2 Qc7 20. Ne4 Rf7 21. g4 Nfd4 22.
Bxd4 cxd4 23. h3 Rbf8 24. Rf1 Nd8 25. Ne1 Ne6 26. Qc2 Bf6 27. c5 dxc5 28. Qc4
Be7 29. Kh1 Nf4 30. Rc1 Be6 31. Qc2 Bd5 32. f3 Rc8 33. Rb1 Qd7 34. Rc1 Qe6 35.
Rb1 Kg7 36. Kg1 h5 37. Nd2 Ne2+ 38. Kh2 Bg5 39. Ne4 Bf4+ 40. Kh1 Bxe4 41. dxe4
Ng3+ 42. Kg1 hxg4 43. hxg4 Be3+ 44. Kh2 Nxf1+ 45. Bxf1 Rh8+ 46. Kg2 Qf6 47.
Qxc5 Qf4 0-1

[Event "77. Alemania ch 2006"]
[Site "Osterburg GER"]
[Date "2006.02.11"]
[Round "9.13"]
[White "Espig, Lutz"]
[Black "Reipsch, Jens"]
[Result "0-1"]
[WhiteElo "2402"]
[BlackElo "2293"]
[PlyCount "70"]
[EventDate "2006.02.04"]
[EventType "swiss"]
[EventRounds "9"]
[EventCountry "GER"]
[Source "lmi"]
[SourceDate "2006.02.11"]

1. Nf3 Nf6 2. c4 e6 3. g3 d5 4. b3 c5 5. Bg2 Nc6 6. O-O Be7 7. e3 b6 8. Bb2 Ba6
9. d3 Rc8 10. Qe2 O-O 11. Rd1 Qd7 12. Nc3 Rfd8 13. Rac1 h6 14. Ba1 Qe8 15. Qe1
Bb7 16. Bb2 Rd7 17. cxd5 exd5 18. d4 Rcd8 19. Bh3 g5 20. Bf5 Bf8 21. dxc5 bxc5
22. Na4 Ne4 23. Nd2 Nxd2 24. Qxd2 d4 25. e4 Rc7 26. f4 Ne7 27. Bh3 Ng6 28. fxg5
Qxe4 29. Bg2 Qg4 30. Bxb7 Rxb7 31. Nxc5 Re7 32. Re1 Nh4 33. Ne4 Nf3+ 34. Kf2
Rxe4 35. Rxe4 Qxe4 0-1

[Event "77. Alemania ch 2006"]
[Site "Osterburg GER"]
[Date "2006.02.11"]
[Round "9.14"]
[White "Schoene, Ralf"]
[Black "Reuss, Andreas"]
[Result "1/2-1/2"]
[WhiteElo "2339"]
[BlackElo "2354"]
[PlyCount "64"]
[EventDate "2006.02.04"]
[EventType "swiss"]
[EventRounds "9"]
[EventCountry "GER"]
[Source "lmi"]
[SourceDate "2006.02.11"]

1. d4 Nf6 2. c4 e6 3. Nc3 d5 4. Bg5 Be7 5. e3 h6 6. Bh4 O-O 7. Nf3 b6 8. Be2
Bb7 9. Bxf6 Bxf6 10. cxd5 exd5 11. b4 Qd6 12. Rb1 c6 13. O-O Nd7 14. Ne1 Rfe8
15. Nd3 a5 16. a3 g6 17. Bf3 h5 18. Qb3 axb4 19. axb4 Bd8 20. g3 h4 21. b5 Ra3
22. Qb2 hxg3 23. hxg3 Ra5 24. bxc6 Bxc6 25. Qb3 Ra3 26. Qb2 Ra5 27. Nf4 Bc7 28.
Rfc1 Nf6 29. Qc2 Bd8 30. Ra1 Re7 31. Rxa5 bxa5 32. Na4 Ba8 1/2-1/2

[Event "77. Alemania ch 2006"]
[Site "Osterburg GER"]
[Date "2006.02.11"]
[Round "9.16"]
[White "Huschenbeth, Niclas"]
[Black "Degtiarev, Jewgeni"]
[Result "0-1"]
[WhiteElo "2287"]
[BlackElo "2388"]
[PlyCount "80"]
[EventDate "2006.02.04"]
[EventType "swiss"]
[EventRounds "9"]
[EventCountry "GER"]
[Source "lmi"]
[SourceDate "2006.02.11"]

1. e4 e5 2. Nf3 Nc6 3. Bb5 a6 4. Ba4 Nf6 5. d3 b5 6. Bb3 Be7 7. g4 O-O 8. g5
Ne8 9. Bd5 Bb7 10. h4 Na5 11. Nxe5 Bxd5 12. exd5 f6 13. Nf3 c6 14. Be3 cxd5 15.
Nc3 Bb4 16. a3 Bxc3+ 17. bxc3 Nc6 18. Qe2 Qa5 19. Kd2 Nc7 20. gxf6 d4 21. Nxd4
Nd5 22. Rag1 Qxc3+ 23. Kd1 Qa1+ 24. Kd2 Qc3+ 25. Kd1 Rxf6 26. Nb3 Nxe3+ 27.
fxe3 a5 28. Qg2 Rf7 29. Rh3 a4 30. Nd4 Raf8 31. Rg3 Qa1+ 32. Ke2 Nxd4+ 33. exd4
Qxd4 34. Kd1 Qa1+ 35. Ke2 Qc3 36. Kd1 Kh8 37. Re3 b4 38. Rge1 b3 39. cxb3 axb3
40. a4 Qa1+ 0-1

[Event "77. Alemania ch 2006"]
[Site "Osterburg GER"]
[Date "2006.02.11"]
[Round "9.17"]
[White "Knuth, Hannes"]
[Black "Namyslo, Holger"]
[Result "1-0"]
[WhiteElo "2283"]
[BlackElo "2279"]
[PlyCount "65"]
[EventDate "2006.02.04"]
[EventType "swiss"]
[EventRounds "9"]
[EventCountry "GER"]
[Source "lmi"]
[SourceDate "2006.02.11"]

1. d4 d5 2. c4 e6 3. Nc3 c6 4. Nf3 Nf6 5. Bg5 Nbd7 6. cxd5 exd5 7. e3 Be7 8.
Bd3 O-O 9. Qc2 Re8 10. O-O Nf8 11. Ne5 Ng4 12. Bxe7 Qxe7 13. Nf3 Nf6 14. Rae1
Ng6 15. Ng5 Bd7 16. f4 c5 17. f5 Nf8 18. Qf2 Bc6 19. e4 dxe4 20. Bc4 Red8 21.
dxc5 Ng4 22. Bxf7+ Kh8 23. Qh4 Qxc5+ 24. Kh1 Nf6 25. Bb3 Rd2 26. Nf7+ Kg8 27.
Ne5+ Kh8 28. Nf7+ Kg8 29. Ng5+ Kh8 30. Ncxe4 Nxe4 31. Rxe4 Bd5 32. f6 gxf6 33.
Nf7+ 1-0